Datum a čas kvízu
37.5
Celkem bodů
Celkový počet nahraných bodů na tomto kvízu bez doplňovacích otázek.
3.
Pořadí na kvízu
Konečné umístění týmu na tomto kvízu.
Zaznamenané odpovědi
| # | Otázka | Odpověď | Body | Výsledky |
|---|---|---|---|---|
| 1. | V médiích se minulý týden hojn... | 1 | ||
| 2. | Italské letovisko, které je ob... | 1 | ||
| 3. | Rakouská společnost Koch Media... | 1 | ||
| 4. | Jak se jmenuje slavný hollywoo... | 0 | ||
| 5. | Jak se jmenuje historicky prvn... | 1 | ||
| 6. | Dlouhé názvy filmů byly v módě... | 1 | ||
| 5. | Kultovní režisér Woody Allen v... | 1 | ||
| 5. | Francouzsko - španělská komedi... | 1 | ||
| 5. | V roce 1974 natočil režisér Cl... | 1 | ||
| 5. | V roce 1964 natočil slavný rež... | 1 |